| 000 | 01149 a2200181 4500 | ||
|---|---|---|---|
| 003 | Nust | ||
| 005 | 20221121115844.0 | ||
| 040 | _cNust | ||
| 082 | _a515.35,AGN | ||
| 100 |
_aAgnew,Palmer Ralph _9103259 |
||
| 245 |
_aDifferntial Equations / _cRalph Palmer Agnew |
||
| 250 | _a2nd ed | ||
| 260 |
_aNew York _bMcGraw Hill _c1960 |
||
| 300 | _a485p | ||
| 505 | _a1.Introduction to differential equations (Page-1), 2. Applications of principles of calculus (Page-20), 3. Linear equations of first order (Page-65), 4. Families of curves,equations of higher degree (Page-103), 5. Differential equations of first order (Page-130), 6. Linear differential equations (Page-153), 7. Use of series (Page-251), 8. Numerical methods (Page-293), 9. Laplace transforms (Page-341), 10. Bending of beams (Page-377), 11. Series expansions of operators (Page-381), 12. Eigenvalues,fourier series and partial differential equations (Page-388), 13. Limits,derivatives,integrals (Page-417), 14. The heat equations (Page-437), 15. Picard,s method of approximating solutions of y' (Page-441). | ||
| 650 |
_aDifferntial Equations _9103260 |
||
| 942 |
_2ddc _cBK _k515.35,AGN |
||
| 999 |
_c182352 _d182352 |
||